000 00286nam a2200121 a 4500
005 20141022142006.0
008 080922s19uu xx 00 eng d
050 _aVCD
_bT25 2002
245 _aThe ten commandments.
650 _aVCD.
650 _aThe ten commandments.
942 _cAVM
999 _c276506
_d276506